Zur Befreiung des Strafrechts vom zivilistischen Denken: am Beispiel der Schadenswiedergutmachung
| 1. VerfasserIn: | |
|---|---|
| Medienart: | Druck Aufsatz |
| Sprache: | Deutsch |
| Veröffentlicht: |
1987
|
| In: |
Gedächtnisschrift für Dietrich Schultz
Jahr: 1987, Seiten: 253-269 |
| Bestand in Tübingen: | In Tübingen vorhanden. IFK: 3352 |
| Verfügbarkeit prüfen: | HBZ Gateway |
| Schlagwörter: |
MARC
| LEADER | 00000caa a2200000 c 4500 | ||
|---|---|---|---|
| 001 | 1419592750 | ||
| 003 | DE-627 | ||
| 005 | 20240618174304.0 | ||
| 007 | tu | ||
| 008 | 110829s1987 xx ||||| 00| ||ger c | ||
| 020 | |a 3452206971 | ||
| 035 | |a (DE-627)1419592750 | ||
| 035 | |a (DE-576)349592756 | ||
| 035 | |a (DE-599)BSZ349592756 | ||
| 040 | |a DE-627 |b ger |c DE-627 |e rakwb | ||
| 041 | |a ger | ||
| 100 | 1 | |a Müller-Dietz, Heinz |d 1931-2022 |0 (DE-588)120171201 |0 (DE-627)080497454 |0 (DE-576)162308469 |4 aut | |
| 109 | |a Müller-Dietz, Heinz 1931-2022 |a Müller-Dietz, H. 1931-2022 |a Müller Dietz, Heinz 1931-2022 |a Dietz, Heinz Müller- 1931-2022 |a Müller-Dietz 1931-2022 | ||
| 245 | 1 | 0 | |a Zur Befreiung des Strafrechts vom zivilistischen Denken |b am Beispiel der Schadenswiedergutmachung |c Heinz Müller-Dietz |
| 264 | 1 | |c 1987 | |
| 336 | |a Text |b txt |2 rdacontent | ||
| 337 | |a ohne Hilfsmittel zu benutzen |b n |2 rdamedia | ||
| 338 | |a Band |b nc |2 rdacarrier | ||
| 773 | 0 | 8 | |i In |t Gedächtnisschrift für Dietrich Schultz |d Köln : Heymann, 1987 |g (1987), Seite 253-269 |h IX, 446 S. |w (DE-627)273720430 |w (DE-576)012674427 |z 3452206971 |7 nnam |
| 773 | 1 | 8 | |g year:1987 |g pages:253-269 |
| 889 | |w (DE-627)833256289 | ||
| 935 | |i mdedup | ||
| 951 | |a AR | ||
| ELC | |b 1 | ||
| LOK | |0 000 xxxxxcx a22 zn 4500 | ||
| LOK | |0 001 2688354469 | ||
| LOK | |0 003 DE-627 | ||
| LOK | |0 004 1419592750 | ||
| LOK | |0 005 20250819113548 | ||
| LOK | |0 008 110829||||||||||||||||ger||||||| | ||
| LOK | |0 040 |a DE-21-110 |c DE-627 |d DE-21-110 | ||
| LOK | |0 689 |a s |a Schadenswiedergutmachung | ||
| LOK | |0 689 |a s |a Schadensersatz | ||
| LOK | |0 689 |a s |a Strafe | ||
| LOK | |0 689 |a s |a Bewährungsauflagen | ||
| LOK | |0 689 |a s |a Wiedergutmachung | ||
| LOK | |0 689 |a s |a Geschichte | ||
| LOK | |0 689 |a s |a Strafrecht | ||
| LOK | |0 852 |a DE-21-110 | ||
| LOK | |0 852 1 |c 3352 |m p |9 00 | ||
| LOK | |0 935 |a k110 | ||
| LOK | |0 938 |k p | ||
| LOK | |0 939 |a 29-08-11 |b l01 | ||
| ORI | |a SA-MARC-krimdoka001.raw | ||
| SIG | |a IFK: 3352 | ||
